000 00646nam a2200217Ia 4500
003 OSt
005 20220918203009.0
006 a|||||r|||| 00| 0
007 ta
008 220917b |||||||| |||| 00| 0 eng d
024 _a105,354
037 _cTextual
040 _aARTS
_cARTS
_beng
041 _2eng
_aeng
082 _aV3:21wM19, D7.1-.3 (+)
245 0 _aLetters
_b a selection from Her Majesty's correspondence between the years 1837 and 1861, ed by Arthur Christopher Benson and Viscount Esher
260 _c1907
650 _aHISTORY
942 _hV3:21wM19, D7.1-.3 (+)
_cTEXL
_2CC
999 _c228713
_d228713